000 01092cam a2200313 a 4500
003 CHAP
005 20220817043802.0
008 010801d2001 mx 00 spa d
010 _a84381
011 _a85353
035 _a95886
040 _cCHAP
100 0 0 _aOrtiz Zarrabal, Ivis Abelardo.
_984089
245 0 0 _aEvaluación del impacto del programa ganado mejor en el estado de Hidalgo
_c/por Ivis Abelardo Ortiz Zarrabal
260 _aChapingo, Méx. :
_bEl autor,
_c2001.
300 _a133 h.
500 _aTesis (Ing. Agr.Esp. en Zootecnia) -- UACH. Departamento de Zootecnia
590 _aBATCH-UPD
_b10
_c20130110
_lUCH01
_h0807
590 _aBATCH-UPD
_b10
_c20130410
_lUCH01
_h0445
590 _aBATCH-UPD
_b10
_c20130914
_lUCH01
_h1503
590 _aCONVERSION
_b10
_c20130109
_lUCH01
_h1347
650 1 4 _aGanadería
_xHidalgo.
_944744
650 1 4 _aPolítica ganadera
_zMéxico.
901 _aBK
905 _aLilia Sánchez G.
942 _cFOLL
949 _aTesis
_bBC
_cTES
_d33724000839205
_eTS2
_fc.2
_h38311
_i95886
_sb
949 _aTesis
_bBC
_cTES
_d958861
_eTS1
_h38310
_i95886
_sb
999 _c84381
_d84381